Sports Quiz

Random Sports or NFL Quiz

2011 Pro Bowl Starters Quiz Stats

 Plays Quiz not verified by Sporcle

Score 0/54 Timer 08:00
0 Plays Today
Conference Player % Correct
AFCTom Brady
100%
AFCAndre Johnson
98.8%
NFCCalvin Johnson
98.8%
AFCMaurice Jones Drew
96.3%
AFCReggie Wayne
96.3%
NFCMIchael Vick
95.1%
AFCAntonio Gates
91.5%
NFCMichael Turner
89%
NFCRoddy White
89%
AFCRay Lewis
86.6%
NFCJason Witten
85.4%
NFCClay Matthews
84.1%
AFCDwight Freeney
81.7%
AFCDarrelle Revis
81.7%
AFCEd Reed
81.7%
NFCNdamukong Suh
80.5%
NFCDemarcus Ware
80.5%
NFCPatrick Willis
80.5%
AFCJames Harrison
78%
AFCTroy Polamalu
78%
NFCDevin Hester
78%
AFCJake Long
75.6%
NFCJulius Peppers
75.6%
NFCCharles Woodson
74.4%
AFCHaloti Ngata
73.2%
AFCVince Wilfork
73.2%
AFCRobert Mathis
72%
Conference Player % Correct
AFCJoe Thomas
70.7%
AFCNick Mangold
69.5%
AFCShane Lechler
68.3%
NFCJohn Abraham
68.3%
NFCAsante Samuel
68.3%
AFCLogan Mankins
65.9%
AFCNnamdi Asomugha
64.6%
NFCDavid Akers
64.6%
AFCVonta Leach
57.3%
NFCAdrian Wilson
57.3%
NFCNick Collins
46.3%
AFCCameron Wake
45.1%
NFCChris Snee
45.1%
AFCBilly Cundiff
43.9%
NFCJahri Evans
42.7%
NFCAndre Gurode
41.5%
NFCJason Peters
40.2%
NFCJay Ratliff
35.4%
NFCJordan Gross
31.7%
NFCOvie Mughelli
29.3%
AFCMarc Mariani
20.7%
NFCMatt McBriar
19.5%
AFCKris Dielman
11%
NFCZak DeOssie
8.5%
NFCEric Weems
7.3%
AFCMontell Owens
2.4%
AFCJohn Denney
1.2%

You're not logged in!

Compare scores with friends on all Sporcle quizzes.
Join for Free
OR
Log In

You Might Also Like...

Show Comments

Extras

Top Quizzes Today


Score Distribution

Your Account Isn't Verified!

In order to create a playlist on Sporcle, you need to verify the email address you used during registration. Go to your Sporcle Settings to finish the process.

Report this User

Report this user for behavior that violates our Community Guidelines.

Details: